Movies Quiz

Random Movies or Role Quiz

Consistent Movie Characters Quiz Stats

Quiz Updated Oct 19, 2016

Challenge
Share
Tweet
Embed
Score 0/50 Timer 06:00
0 Plays Today
Franchise Actor % Correct
Harry Potter (8)Daniel Radcliffe (Harry)
90.5%
Pirates of the Caribbean (4)Johnny Depp (Jack)
88.6%
Indiana Jones (4)Harrison Ford (Indy)
86.9%
Harry Potter (8)Emma Watson (Hermione)
83.1%
Austin Powers (3)Mike Myers (Powers/Dr. Evil)
81.5%
Lord of the Rings (3)Elijah Wood (Frodo)
80.9%
Harry Potter (8)Rupert Grint (Ron)
79.2%
Die Hard (5)Bruce Willis (McClane)
79.1%
Lord of the Rings (3)Orlando Bloom (Legolas)
74.6%
Lord of the Rings (3)Sean Astin (Sam)
65.6%
Lord of the Rings (3)Ian McKellen (Gandalf)
64.1%
Alien (4)Sigourney Weaver (Ripley)
61.4%
Harry Potter (8)Alan Rickman (Snape)
58.4%
Lord of the Rings (3)Viggo Mortensen (Aragorn)
56.7%
Ice Age (4)Ray Romano (Manny)
47.8%
Harry Potter (8)Robbie Coltrane (Hagrid)
45.2%
Lord of the Rings (3)Billy Boyd (Pippin)
44.8%
Lord of the Rings (3)Dominic Monaghan (Merry)
43.9%
Lord of the Rings (3)John Rhys-Davies (Gimli)
41.4%
Harry Potter (8)Bonnie Wright (Ginny)
40.3%
Harry Potter (8)Tom Felton (Draco)
40.1%
Harry Potter (8)Oliver Phelps (George)
39.2%
Harry Potter (8)James Phelps (Fred)
39%
Lord of the Rings (3)Liv Tyler (Arwen)
38.8%
Star Wars (6)Kenny Baker (R2D2)
36%
Franchise Actor % Correct
Star Wars (6)Anthony Daniels (C3PO)
35.5%
Lord of the Rings (3)Christopher Lee (Saruman)
31%
Pirates of the Caribbean (4)Geoffrey Rush (Barbossa)
30.8%
Lord of the Rings (3)Andy Serkis (Gollum)
30.6%
Harry Potter (8)Matthew Lewis (Neville)
30.4%
Ice Age (4)John Leguizamo (Sid)
28.5%
Austin Powers (3)Seth Green (Scott)
28.3%
Lord of the Rings (3)Hugo Weaving (Elrond)
27.4%
Chronicles of Narnia (3)Liam Neeson (Aslan)
27.3%
Lord of the Rings (3)Sean Bean (Boromir)
27.2%
Chronicles of Narnia (3)William Moseley (Peter)
25.8%
Ice Age (4)Denis Leary (Diego)
25.7%
Chronicles of Narnia (3)Georgie Henley (Lucy)
25.3%
Lord of the Rings (3)Cate Blanchett (Galadriel)
23.8%
Chronicles of Narnia (3)Skandar Keynes (Edmund)
20.2%
Chronicles of Narnia (3)Anna Popplewell (Susan)
20%
Austin Powers (3)Robert Wagner (#2)
18.9%
Harry Potter (8)Geraldine Somerville (Lily)
16.4%
Austin Powers (3)Michael York (Basil)
14.7%
Harry Potter (8)Devon Murray (Seamus)
13.8%
Chronicles of Narnia (3)Tilda Swinton (White Witch)
11.2%
Harry Potter (8)Josh Herdman (Goyle)
11.1%
Pirates of the Caribbean (4)Kevin McNally (Gibbs)
8.4%
Austin Powers (3)Mindy Sterling (Farbissina)
3.9%
Austin Powers (3)Clint Howard (Ritter)
2%

You're not logged in!

Compare scores with friends on all Sporcle quizzes.
Sign Up with Email
OR
Log In

You Might Also Like...

Show Comments

Extras

Top Quizzes Today


Score Distribution

Your Account Isn't Verified!

In order to create a playlist on Sporcle, you need to verify the email address you used during registration. Go to your Sporcle Settings to finish the process.